The spirituality of the Cross : (Record no. 1856)
[ view plain ]
| 000 -LEADER | |
|---|---|
| fixed length control field | 01047cam a22002894a 4500 |
| 001 - CONTROL NUMBER | |
| control field | 3563495 |
| 003 - CONTROL NUMBER IDENTIFIER | |
| control field | GBCCL |
| 005 - DATE AND TIME OF LATEST TRANSACTION | |
| control field | 20241126110411.0 |
| 008 - FIXED-LENGTH DATA ELEMENTS--GENERAL INFORMATION | |
| fixed length control field | 981123s1999 moua b 000 0 eng |
| 010 ## - | |
| -- | 98054166 |
| 020 ## - INTERNATIONAL STANDARD BOOK NUMBER | |
| International Standard Book Number | 0570053218 |
| 040 ## - CATALOGING SOURCE | |
| Original cataloging agency | DLC |
| Transcribing agency | DLC |
| Modifying agency | DLC |
| 042 ## - | |
| -- | pcc |
| 050 00 - | |
| -- | BX8065.2 |
| -- | .V45 1999 |
| 082 00 - DEWEY DECIMAL CLASSIFICATION NUMBER | |
| Classification number | 230.41 |
| Edition information | 21 |
| Item number | VEI |
| 100 1# - MAIN ENTRY--PERSONAL NAME | |
| Personal name | Veith, Gene Edward, |
| Dates associated with a name | 1951- |
| 9 (RLIN) | 3878 |
| 245 14 - TITLE STATEMENT | |
| Title | The spirituality of the Cross : |
| Remainder of title | the way of the first evangelicals / |
| Statement of responsibility, etc. | Gene Edward Veith, Jr. |
| 260 ## - PUBLICATION, DISTRIBUTION, ETC. | |
| Place of publication, distribution, etc. | St. Louis, Mo. : |
| Name of publisher, distributor, etc. | Concordia Pub. House, |
| Date of publication, distribution, etc. | c1999. |
| 300 ## - PHYSICAL DESCRIPTION | |
| Extent | 127 p. : |
| Other physical details | ill. ; |
| Dimensions | 23 cm. |
| 504 ## - BIBLIOGRAPHY, ETC. NOTE | |
| Bibliography, etc. note | Includes bibliographical references (p. 125-127). |
| 650 #0 - SUBJECT ADDED ENTRY--TOPICAL TERM | |
| Topical term or geographic name entry element | Spirituality |
| General subdivision | Lutheran Church. |
| 9 (RLIN) | 3879 |
| 650 #0 - SUBJECT ADDED ENTRY--TOPICAL TERM | |
| Topical term or geographic name entry element | Lutheran Church |
| General subdivision | Doctrines. |
| 9 (RLIN) | 1112 |
| 906 ## - LOCAL DATA ELEMENT F, LDF (RLIN) | |
| a | 7 |
| b | cbc |
| c | orignew |
| d | 1 |
| e | ocip |
| f | 19 |
| g | y-gencatlg |
| 942 ## - ADDED ENTRY ELEMENTS (KOHA) | |
| Source of classification or shelving scheme | Dewey Decimal Classification |
| Koha item type | Books |
| Withdrawn status | Lost status | Source of classification or shelving scheme | Damaged status | Not for loan | Home library | Current Library | Shelving location | Date acquired | Total checkouts | Full call number | Barcode | Date last seen | Copy number | Price effective from | Koha item type |
|---|---|---|---|---|---|---|---|---|---|---|---|---|---|---|---|
| Dewey Decimal Classification | GRACE BIBLE COLLEGE | GRACE BIBLE COLLEGE | Theology | 2017-05-30 | 230.41 VEI | 012457 | 2025-05-01 | c.4 | 2017-05-30 | Books | |||||
| Dewey Decimal Classification | GRACE BIBLE COLLEGE | GRACE BIBLE COLLEGE | Theology | 2017-05-30 | 230.41 VEI | 012456 | 2025-05-01 | c.3 | 2017-05-30 | Books | |||||
| Dewey Decimal Classification | GRACE BIBLE COLLEGE | GRACE BIBLE COLLEGE | Theology | 2017-05-30 | 230.41 VEI | 012455 | 2025-05-01 | c.2 | 2017-05-30 | Books | |||||
| Dewey Decimal Classification | GRACE BIBLE COLLEGE | GRACE BIBLE COLLEGE | Theology | 2017-05-30 | 230.41 VEI | 012454 | 2025-05-01 | c.1 | 2017-05-30 | Books | |||||
| Dewey Decimal Classification | GRACE BIBLE COLLEGE | GRACE BIBLE COLLEGE | Theology | 2017-05-30 | 230.41 VEI | 012460 | 2025-05-01 | c.7 | 2017-05-30 | Books | |||||
| Dewey Decimal Classification | GRACE BIBLE COLLEGE | GRACE BIBLE COLLEGE | Theology | 2017-05-30 | 230.41 VEI | 012458 | 2025-05-01 | c.5 | 2017-05-30 | Books | |||||
| Dewey Decimal Classification | GRACE BIBLE COLLEGE | GRACE BIBLE COLLEGE | Theology | 2017-05-30 | 230.41 VEI | 012459 | 2025-05-01 | c.6 | 2017-05-30 | Books | |||||
| Dewey Decimal Classification | GRACE BIBLE COLLEGE | GRACE BIBLE COLLEGE | Theology | 2017-05-30 | 230.41 VEI | 012461 | 2025-05-01 | c.8 | 2017-05-30 | Books |